000 00676nam a2200241Ia 4500
003 OSt
005 20220923214801.0
006 a|||||r|||| 00| 0
007 ta
008 220922b |||||||| |||| 00| 0 hin d
024 _a172,712
037 _cTextual
040 _aARTS
_cARTS
_bhin
041 _2hin
_ahin
082 _aO152,3N374,GK, K8
100 _aपाण्डेय
_9156280
245 0 _aगगास के तट पर
246 _aGagās ke taṭ para
260 _c1968
650 _aहिन्दी साहित्य
_9156264
942 _hO152,3N374,GK, K8
_cTEXL
_2CC
999 _c326720
_d326720